| 000 | 00592nam a2200229Ia 4500 | ||
|---|---|---|---|
| 003 | OSt | ||
| 005 | 20140315094341.0 | ||
| 008 | 140130s9999 xx 000 0 und d | ||
| 020 | _a0590040413 | ||
| 050 |
_aPZ 7 _b.R982Hkkl 1998 |
||
| 100 | _aRylantm Cynthia. | ||
| 245 |
_cCynthia Rylant. _aHenry and Mudge : _bin the family trees / |
||
| 260 |
_bScholastic Inc., _cc1998. _aUSA : |
||
| 300 |
_a40 p. : _bcol. ill. 23 cm. |
||
| 440 | _v1 | ||
| 521 | _aG2 | ||
| 526 | _c460 | ||
| 650 |
_aFamily reunions _xFiction. |
||
| 650 |
_aDogs _xFiction. |
||
| 942 |
_cBK _2lcc |
||
| 999 |
_c40406 _d40406 |
||